[Event "Dortmund Sparkassen op 47th"]
[Site "Dortmund"]
[Date "2019.07.19"]
[Round "7"]
[White "Andersen, Gunnar James"]
[Black "Luft, Dennis"]
[Result "1/2-1/2"]
[WhiteElo "2166"]
[BlackElo "2294"]
[PlyCount "72"]
[EventDate "2019.07.13"]
[EventType "swiss"]
[EventRounds "9"]
[EventCountry "GER"]
[SourceTitle "EXT 2020"]
[Source "ChessBase"]
[SourceDate "2019.10.17"]
[SourceVersion "1"]
[SourceVersionDate "2019.10.17"]
[SourceQuality "1"]

1. e4 e5 2. Nf3 Nc6 3. Bc4 Bc5 4. c3 Nf6 5. d3 d6 6. 0-0 a6 7. Bb3 Ba7 8. Be3 Be6 9. Nbd2 Qd7 10. Bxa7 Rxa7 11. d4 Bg4 12. h3 Bh5 13. dxe5 Nxe5 14. Nxe5 dxe5 15. Qe1 0-0 16. Nc4 Qe7 17. f3 Nd7 18. Qf2 Raa8 19. Ne3 Qc5 20. Rad1 Rfd8 21. Rd5 Qe7 22. Nf5 Qe8 23. Qh4 Nf6 24. Qg5 Qf8 25. Rxd8 Rxd8 26. Nh6+ Kh8 27. Qxe5 Re8 28. Qg5 Bg6 29. Nf5 Qc5+ 30. Kh1 h6 31. Qd2 Bxf5 32. exf5 Qxf5 33. Bxf7 Ne4 34. Qe1 Qxf7 35. fxe4 Qxa2 36. Qe2 Qe6 1/2-1/2

[Event "Dortmund Sparkassen op 47th"]
[Site "Dortmund"]
[Date "2019.07.16"]
[Round "4"]
[White "Luft, Dennis"]
[Black "Arold, Gerhard"]
[Result "0-1"]
[WhiteElo "2294"]
[BlackElo "2045"]
[PlyCount "64"]
[EventDate "2019.07.13"]
[EventType "swiss"]
[EventRounds "9"]
[EventCountry "GER"]
[SourceTitle "EXT 2020"]
[Source "ChessBase"]
[SourceDate "2019.10.17"]
[SourceVersion "1"]
[SourceVersionDate "2019.10.17"]
[SourceQuality "1"]

1. e4 d5 2. exd5 Qxd5 3. Nc3 Qd6 4. d4 Nf6 5. Nf3 c6 6. g3 Bg4 7. Be2 e6 8. h3 Bh5 9. g4 Bg6 10. Ne5 Nbd7 11. Bf4 Qb4 12. Nc4 Nd5 13. Bd2 Qe7 14. Bf3 N7b6 15. Ne5 Nxc3 16. Bxc3 Nd7 17. Nd3 Qh4 18. Qe2 0-0-0 19. 0-0-0 Bd6 20. Ne1 Nb6 21. Ng2 Qe7 22. h4 h6 23. d5 cxd5 24. Bxg7 Rhg8 25. Bxh6 Nc4 26. Bd2 Be5 27. c3 Rd6 28. Bf4 Ra6 29. Bg5 Qc5 30. Ne3 Nxb2 31. c4 Rxa2 32. Nf5 Qa3 0-1

[Event "Dortmund Sparkassen op 47th"]
[Site "Dortmund"]
[Date "2019.07.14"]
[Round "2"]
[White "Luft, Dennis"]
[Black "Sonnenschein, Philipp"]
[Result "1-0"]
[WhiteElo "2294"]
[BlackElo "2099"]
[PlyCount "49"]
[EventDate "2019.07.13"]
[EventType "swiss"]
[EventRounds "9"]
[EventCountry "GER"]
[SourceTitle "EXT 2020"]
[Source "ChessBase"]
[SourceDate "2019.10.17"]
[SourceVersion "1"]
[SourceVersionDate "2019.10.17"]
[SourceQuality "1"]

1. e4 c5 2. d3 Nc6 3. g3 g6 4. Bg2 Bg7 5. f4 d6 6. Nf3 e5 7. c3 Nge7 8. 0-0 0-0 9. Be3 b6 10. d4 exd4 11. cxd4 d5 12. e5 Nf5 13. Bf2 c4 14. Nc3 Be6 15. g4 Nfe7 16. Ng5 a6 17. Bh4 b5 18. f5 gxf5 19. Nxe6 fxe6 20. gxf5 b4 21. f6 bxc3 22. Qg4 Rf7 23. fxe7 Qd7 24. Rxf7 Kxf7 25. Rf1+ 1-0

[Event "Dortmund Sparkassen op-A 46th"]
[Site "Dortmund"]
[Date "2018.07.20"]
[Round "7"]
[White "Luft, Dennis"]
[Black "Biermann, Lenhard"]
[Result "0-1"]
[WhiteElo "2322"]
[BlackElo "2051"]
[PlyCount "88"]
[EventDate "2018.07.14"]
[EventType "swiss"]
[EventRounds "9"]
[EventCountry "GER"]
[SourceTitle "CBM 185 Extra"]
[Source "ChessBase"]
[SourceDate "2018.07.29"]
[SourceVersion "1"]
[SourceVersionDate "2018.07.29"]
[SourceQuality "1"]

1. e4 e6 2. d4 d5 3. Nd2 h6 4. Ngf3 Nf6 5. e5 Nfd7 6. Bd3 c5 7. c3 Nc6 8. 0-0 g5 9. dxc5 Bxc5 10. Bb5 g4 11. Nd4 Ncxe5 12. Re1 Qf6 13. Qe2 Bd6 14. c4 0-0 15. cxd5 exd5 16. Nf1 Nc5 17. Qe3 Ne4 18. Ng3 Bc5 19. Nxe4 dxe4 20. Qxe4 Bxd4 21. Kh1 Ng6 22. Bxh6 Bf5 23. Qxb7 Rfb8 24. Qd5 Rd8 25. Qb3 Rab8 26. Qa4 Nh4 27. Bf4 Rbc8 28. Bg3 Bc2 29. Qa6 Ng6 30. Rac1 Bxb2 31. Qxf6 Bxf6 32. Ba6 Rc3 33. h3 gxh3 34. gxh3 Nh4 35. Bxh4 Bxh4 36. Kg2 Rd2 37. Re2 Rxe2 38. Bxe2 Bf6 39. Bg4 Be4+ 40. Kg1 Bd4 41. Kh2 Kg7 42. Bd7 Kf6 43. h4 Bf5 44. Rd1 Rh3+ 0-1

[Event "Dortmund Sparkassen op-A 46th"]
[Site "Dortmund"]
[Date "2018.07.16"]
[Round "3"]
[White "Luft, Dennis"]
[Black "Gallasch, Jonas"]
[Result "1-0"]
[WhiteElo "2322"]
[BlackElo "1903"]
[PlyCount "117"]
[EventDate "2018.07.14"]
[EventType "swiss"]
[EventRounds "9"]
[EventCountry "GER"]
[SourceTitle "CBM 185 Extra"]
[Source "ChessBase"]
[SourceDate "2018.07.29"]
[SourceVersion "1"]
[SourceVersionDate "2018.07.29"]
[SourceQuality "1"]

1. e4 c6 2. d4 d5 3. exd5 cxd5 4. Bd3 Nc6 5. c3 Qc7 6. h3 Nf6 7. Nf3 g6 8. 0-0 Bf5 9. Be2 Bg7 10. Nbd2 0-0 11. Re1 Nb4 12. Rf1 Bc2 13. Qe1 Nd3 14. Bxd3 Bxd3 15. Qe5 Qxe5 16. dxe5 Nd7 17. Re1 e6 18. Re3 Ba6 19. Nb3 Rfc8 20. Re1 Rc4 21. Bg5 Re4 22. Rxe4 dxe4 23. Nfd2 h6 24. Be7 e3 25. fxe3 b6 26. Nf3 Nxe5 27. Nxe5 Bxe5 28. Rd1 Re8 29. Bh4 g5 30. Bf2 Kf8 31. Nd4 Bb7 32. Be1 Ke7 33. c4 Rd8 34. Kf2 Ke8 35. Bc3 Be4 36. Rc1 Bxd4 37. exd4 Rc8 38. Bb4 Bd5 39. b3 b5 40. Bc5 bxc4 41. bxc4 Bc6 42. Rb1 Ra8 43. Rb2 Kd7 44. Ke3 Kc7 45. Be7 f5 46. g3 Kd7 47. Bf6 Rc8 48. Be5 Be4 49. Rb4 a5 50. Rb5 Rxc4 51. Rxa5 Rb4 52. Bg7 h5 53. Bf6 g4 54. h4 Ke8 55. Kf4 Kf7 56. Kg5 f4 57. Kxf4 Bd5 58. Kg5 Rb7 59. Be5 1-0

[Event "NRW Class1 1718"]
[Site "Germany"]
[Date "2018.04.29"]
[Round "9.1"]
[White "Luft, Dennis"]
[Black "Harff, Marcel"]
[Result "1/2-1/2"]
[WhiteElo "2288"]
[BlackElo "2363"]
[PlyCount "54"]
[EventDate "2017.09.17"]
[EventType "team-tourn"]
[EventRounds "9"]
[EventCountry "GER"]
[SourceTitle "EXT 2019"]
[Source "ChessBase"]
[SourceDate "2018.10.10"]
[SourceVersion "1"]
[SourceVersionDate "2018.10.10"]
[SourceQuality "1"]
[WhiteTeam "Brackel"]
[BlackTeam "Duesseldorf II"]
[WhiteTeamCountry "GER"]
[BlackTeamCountry "GER"]

1. e4 e6 2. d3 b6 3. g3 Bb7 4. Bg2 d5 5. Qe2 dxe4 6. Bxe4 Bxe4 7. dxe4 Nc6 8. Nf3 Nd4 9. Nxd4 Qxd4 10. 0-0 Qd7 11. Nc3 a6 12. a4 Qc6 13. Rd1 Be7 14. e5 h5 15. Qe4 Qxe4 16. Nxe4 f5 17. Ng5 Bxg5 18. Bxg5 Nh6 19. Bxh6 Rxh6 20. h4 Rg6 21. Kg2 Rg4 22. f4 Rg6 23. Rd3 Rd8 24. Rc3 Rd2+ 25. Kh3 Kd7 26. Rc4 Rh6 27. Ra3 a5 1/2-1/2

[Event "Skopje Karposh op"]
[Site "Skopje"]
[Date "2018.03.31"]
[Round "9"]
[White "Glavinac, Goran"]
[Black "Luft, Dennis"]
[Result "1/2-1/2"]
[WhiteElo "2122"]
[BlackElo "2317"]
[PlyCount "100"]
[EventDate "2018.03.24"]
[EventType "swiss"]
[EventRounds "9"]
[EventCountry "MKD"]
[SourceTitle "CBM 183 Extra"]
[Source "ChessBase"]
[SourceDate "2018.04.19"]
[SourceVersion "1"]
[SourceVersionDate "2018.04.19"]
[SourceQuality "1"]

1. d4 d5 2. Nf3 Nf6 3. c4 e6 4. Nc3 Bb4 5. Bg5 h6 6. Bxf6 Qxf6 7. Qb3 c5 8. e3 0-0 9. Be2 Nc6 10. dxc5 dxc4 11. Qxc4 Qe7 12. 0-0 Qxc5 13. Qxc5 Bxc5 14. Rac1 Rd8 15. Rfd1 Rxd1+ 16. Rxd1 a6 17. Nd2 Bb4 18. Nc4 b5 19. Bf3 bxc4 20. Bxc6 Rb8 21. Rd8+ Kh7 22. Na4 Ba5 23. Rd1 Bb7 24. Bxb7 Rxb7 25. a3 Rb3 26. g4 c3 27. Nxc3 Bxc3 28. Rd3 Rxb2 29. Rxc3 Ra2 30. Kg2 Kg6 31. h4 a5 32. Kg3 a4 33. h5+ Kf6 34. f3 g5 35. Rd3 Ke7 36. f4 f6 37. Kf3 gxf4 38. exf4 Rh2 39. Kg3 Rb2 40. Kf3 e5 41. fxe5 fxe5 42. Rd5 Rb3+ 43. Ke4 Rxa3 44. Kxe5 Re3+ 45. Kf5 Rf3+ 46. Ke4 Rf1 47. Ra5 Kf6 48. Rxa4 Kg5 49. Ke3 Rf6 50. Rb4 Rf7 1/2-1/2

[Event "Skopje Karposh op"]
[Site "Skopje"]
[Date "2018.03.28"]
[Round "6"]
[White "Tomazini, Zan"]
[Black "Luft, Dennis"]
[Result "1-0"]
[WhiteElo "2425"]
[BlackElo "2317"]
[PlyCount "97"]
[EventDate "2018.03.24"]
[EventType "swiss"]
[EventRounds "9"]
[EventCountry "MKD"]
[SourceTitle "CBM 183 Extra"]
[Source "ChessBase"]
[SourceDate "2018.04.19"]
[SourceVersion "1"]
[SourceVersionDate "2018.04.19"]
[SourceQuality "1"]

1. e4 e5 2. Nf3 Nc6 3. d4 exd4 4. Nxd4 Nf6 5. Nxc6 bxc6 6. e5 Qe7 7. Qe2 Nd5 8. c4 Ba6 9. Nd2 g6 10. Nf3 Qb4+ 11. Kd1 Bg7 12. Qd2 Qxd2+ 13. Bxd2 Nb6 14. b3 c5 15. Kc2 0-0 16. Re1 Bb7 17. Bd3 Rae8 18. Bf4 h6 19. h4 Nc8 20. h5 g5 21. Bg3 Ne7 22. Nxg5 hxg5 23. h6 Bh8 24. h7+ Kg7 25. Rh5 Ng6 26. Rxg5 d6 27. e6 f5 28. Bxf5 Kf6 29. f4 Ne7 30. Bd3 Nc6 31. Rg6+ Ke7 32. Bh4+ Rf6 33. Rh1 Nd4+ 34. Kd2 Nxe6 35. Bxf6+ Bxf6 36. Rxf6 Kxf6 37. h8Q+ Rxh8 38. Rxh8 Bxg2 39. f5 Nd4 40. Rc8 c6 41. Ra8 d5 42. Rxa7 Nf3+ 43. Ke2 d4 44. a4 Ne5 45. a5 Bf3+ 46. Kd2 Bg4 47. a6 Nf3+ 48. Kc1 Ne5 49. Kc2 1-0

[Event "Skopje Karposh op"]
[Site "Skopje"]
[Date "2018.03.26"]
[Round "4"]
[White "Luft, Dennis"]
[Black "Nedev, Trajce"]
[Result "0-1"]
[WhiteElo "2317"]
[BlackElo "2485"]
[PlyCount "120"]
[EventDate "2018.03.24"]
[EventType "swiss"]
[EventRounds "9"]
[EventCountry "MKD"]
[SourceTitle "CBM 183 Extra"]
[Source "ChessBase"]
[SourceDate "2018.04.19"]
[SourceVersion "1"]
[SourceVersionDate "2018.04.19"]
[SourceQuality "1"]

1. e4 c5 2. d3 Nc6 3. f4 g6 4. Nf3 Bg7 5. Be2 e6 6. 0-0 Nge7 7. c3 d5 8. Kh1 b6 9. Be3 Bb7 10. Nbd2 Qc7 11. Rc1 a5 12. Qe1 h6 13. Qf2 Rd8 14. a3 Qb8 15. Qh4 Ba6 16. Rce1 f6 17. Qf2 g5 18. g3 g4 19. exd5 gxf3 20. Qxf3 Rxd5 21. c4 Rd6 22. Qh5+ Kd7 23. Ne4 f5 24. Nxd6 Qxd6 25. Bf3 Rf8 26. Kg2 Kc7 27. Rf2 Bb7 28. Rd2 a4 29. Bf2 Nd8 30. Bxb7 Nxb7 31. Qd1 Qc6+ 32. Qf3 Nd8 33. d4 cxd4 34. Bxd4 Bxd4 35. Rxd4 Qxf3+ 36. Kxf3 Nec6 37. Rd3 h5 38. Kg2 Rf7 39. Kh3 Na5 40. Kh4 Nab7 41. Rd2 Rh7 42. Kg5 Nc5 43. Kg6 Rh8 44. Red1 Nc6 45. Kg7 Re8 46. Kg6 Na5 47. Kxh5 Nxc4 48. Re2 Ne4 49. Kg6 Ncd6 50. Kg7 Re7+ 51. Kg6 Ne8 52. Rc1+ Kd7 53. Rd1+ N4d6 54. Red2 Rg7+ 55. Kh6 Rg8 56. Kh7 Rg4 57. b3 axb3 58. Rb1 Ke7 59. Rxd6 Nf6+ 60. Kh6 Kf7 0-1

[Event "NRW Class1 1718"]
[Site "Germany"]
[Date "2018.01.28"]
[Round "5.1"]
[White "Luft, Dennis"]
[Black "Stolte, Alexander"]
[Result "1-0"]
[WhiteElo "2254"]
[BlackElo "2173"]
[PlyCount "63"]
[EventDate "2017.09.17"]
[EventType "team-tourn"]
[EventRounds "9"]
[EventCountry "GER"]
[SourceTitle "EXT 2019"]
[Source "ChessBase"]
[SourceDate "2018.10.10"]
[SourceVersion "1"]
[SourceVersionDate "2018.10.10"]
[SourceQuality "1"]
[WhiteTeam "Brackel"]
[BlackTeam "Sundern"]
[WhiteTeamCountry "GER"]
[BlackTeamCountry "GER"]

1. e4 e6 2. Qe2 Nc6 3. Nf3 e5 4. g3 g6 5. Bg2 Bg7 6. 0-0 d6 7. c3 Nge7 8. Na3 0-0 9. Nc2 d5 10. exd5 Nxd5 11. Ne3 Nxe3 12. dxe3 Be6 13. e4 h6 14. Rd1 Qc8 15. Be3 b6 16. Nd2 Nd4 17. cxd4 exd4 18. e5 dxe3 19. Qxe3 Bg4 20. f3 Bh3 21. Bh1 Qe6 22. f4 Rad8 23. Nb3 c5 24. Rd2 g5 25. Rad1 gxf4 26. gxf4 Qg4+ 27. Kf2 Qxd1 28. Rxd1 Rxd1 29. Be4 Be6 30. f5 Bxb3 31. f6 Rfd8 32. Qg3 1-0

[Event "Dortmund Sparkassen op-A 45th"]
[Site "Dortmund"]
[Date "2017.07.22"]
[Round "8"]
[White "Osipiak, Grzegorz"]
[Black "Luft, Dennis"]
[Result "0-1"]
[WhiteElo "2338"]
[BlackElo "2219"]
[PlyCount "101"]
[EventDate "2017.07.15"]
[EventType "swiss"]
[EventRounds "9"]
[EventCountry "GER"]
[SourceTitle "CBM 179 Extra"]
[Source "ChessBase"]
[SourceDate "2017.08.23"]
[SourceVersion "1"]
[SourceVersionDate "2017.08.23"]
[SourceQuality "1"]

1. e3 d5 2. Nf3 Nf6 3. b3 c5 4. Bb2 a6 5. d4 Nc6 6. h3 Qc7 7. Be2 cxd4 8. Nxd4 e5 9. Nxc6 bxc6 10. 0-0 Bd6 11. Nd2 e4 12. c4 0-0 13. Rc1 Qe7 14. Qc2 Bb7 15. Nb1 h5 16. Qc3 h4 17. f4 Ne8 18. Rcd1 Bc5 19. a3 a5 20. Kh1 f5 21. Rg1 Kf7 22. Bh5+ g6 23. Be2 Rd8 24. cxd5 cxd5 25. Bb5 Nf6 26. Rge1 Bb6 27. b4 axb4 28. axb4 Nh5 29. Bc6 Bxc6 30. Qxc6 Rd6 31. Qb5 Qd7 32. Nc3 d4 33. exd4 Qxb5 34. Nxb5 Rd5 35. Nc3 Rxd4 36. Ra1 Rc8 37. Nb5 Rd5 38. Na7 Rc2 39. Bc1 Bf2 40. Be3 Bxe1 41. Rxe1 Rd3 42. Kg1 Ng3 43. Bf2 Rdd2 44. Bxg3 Rxg2+ 45. Kh1 hxg3 46. b5 Rge2 47. Rd1 Red2 48. Re1 e3 49. Nc6 Rh2+ 50. Kg1 Rcg2+ 51. Kf1 0-1

[Event "Dortmund Sparkassen op-A 45th"]
[Site "Dortmund"]
[Date "2017.07.19"]
[Round "5"]
[White "Luft, Dennis"]
[Black "Hausrath, Daniel"]
[Result "0-1"]
[WhiteElo "2219"]
[BlackElo "2482"]
[PlyCount "82"]
[EventDate "2017.07.15"]
[EventType "swiss"]
[EventRounds "9"]
[EventCountry "GER"]
[SourceTitle "CBM 179 Extra"]
[Source "ChessBase"]
[SourceDate "2017.08.23"]
[SourceVersion "1"]
[SourceVersionDate "2017.08.23"]
[SourceQuality "1"]

1. e4 d6 2. d4 Nf6 3. Nc3 e5 4. dxe5 dxe5 5. Qxd8+ Kxd8 6. Bc4 Be6 7. Bxe6 fxe6 8. f3 a6 9. Be3 Bd6 10. Nh3 Nbd7 11. Nf2 Ke7 12. Ne2 Nh5 13. Nd3 Raf8 14. Rf1 Nf4 15. Kf2 h6 16. g3 Nh5 17. c4 c6 18. c5 Bc7 19. Nc3 g5 20. h3 Rhg8 21. Kg2 Nf4+ 22. gxf4 gxf4+ 23. Kh2 fxe3 24. Rae1 Nf6 25. Rxe3 Nh5 26. Rg1 Rxg1 27. Kxg1 Rd8 28. Nd1 b6 29. N1f2 bxc5 30. b3 Nf4 31. Nxf4 exf4 32. Rd3 Rg8+ 33. Kf1 Be5 34. Ng4 Bg7 35. Rd2 h5 36. Nf2 Bd4 37. Nd3 Rg3 38. Ke2 e5 39. b4 c4 40. Nxf4 c3 41. Rd3 Rg1 0-1

[Event "Ruhrgebiet Regionalliga 1617"]
[Site "Germany"]
[Date "2017.01.15"]
[Round "5.2"]
[White "Voss, Hubertus"]
[Black "Luft, Dennis"]
[Result "1/2-1/2"]
[WhiteElo "2094"]
[BlackElo "2174"]
[PlyCount "114"]
[EventDate "2016.09.11"]
[EventType "team-tourn"]
[EventRounds "9"]
[EventCountry "GER"]
[SourceTitle "EXT 2022"]
[Source "ChessBase"]
[SourceDate "2021.10.06"]
[SourceVersion "1"]
[SourceVersionDate "2021.10.06"]
[SourceQuality "1"]
[WhiteTeam "Hamm SV"]
[BlackTeam "Brackel SF"]
[WhiteTeamCountry "GER"]
[BlackTeamCountry "GER"]

1. e4 e5 2. Nf3 Nc6 3. d4 exd4 4. Bc4 Nf6 5. e5 d5 6. Bb5 Nd7 7. 0-0 Be7 8. Bf4 0-0 9. Bxc6 bxc6 10. Nxd4 Nb8 11. Nc3 Re8 12. Nb3 Qd7 13. Na4 Na6 14. Be3 Qf5 15. Bd4 Qf4 16. Qc1 Qh4 17. c3 Bf5 18. Qe3 f6 19. f4 Qh5 20. Rae1 fxe5 21. Bxe5 Bh4 22. g3 Bf6 23. Nac5 Nxc5 24. Nxc5 Re7 25. Qd4 Rae8 26. Rf2 Bg4 27. Nd3 Qf5 28. Ref1 Bh3 29. Re1 Qg6 30. Rfe2 Bf5 31. Nc5 Bg4 32. Rf2 h5 33. h4 Bf5 34. Kh2 Qg4 35. Re3 Bxe5 36. fxe5 Qh3+ 37. Kg1 Rxe5 38. Rfe2 Rxe3 39. Rxe3 Rf8 40. Rf3 Re8 41. Re3 Be4 42. Nxe4 Rxe4 43. Qxa7 Kh7 44. b4 Qg4 45. Kf2 Qf5+ 46. Rf3 Qh3 47. Re3 Qh2+ 48. Kf1 Rg4 49. Qxc7 Rg6 50. Qe5 Rf6+ 51. Ke1 Qf2+ 52. Kd1 Rf5 53. Qd4 Qxa2 54. Qd3 g6 55. Rf3 Qa1+ 56. Kc2 Qa2+ 57. Kc1 Qa1+ 1/2-1/2

[Event "Ruhrgebiet Regionalliga 1617"]
[Site "Germany"]
[Date "2016.11.06"]
[Round "3.2"]
[White "Dewenter, Ulf"]
[Black "Luft, Dennis"]
[Result "0-1"]
[WhiteElo "2122"]
[BlackElo "2174"]
[PlyCount "58"]
[EventDate "2016.09.11"]
[EventType "team-tourn"]
[EventRounds "9"]
[EventCountry "GER"]
[SourceTitle "EXT 2022"]
[Source "ChessBase"]
[SourceDate "2021.10.06"]
[SourceVersion "1"]
[SourceVersionDate "2021.10.06"]
[SourceQuality "1"]
[WhiteTeam "Borbeck Weisse Dame"]
[BlackTeam "Brackel SF"]
[WhiteTeamCountry "GER"]
[BlackTeamCountry "GER"]

1. e4 e5 2. Nf3 Nc6 3. Nc3 Nf6 4. Be2 Bb4 5. Nd5 Ba5 6. c3 0-0 7. 0-0 d6 8. b4 Bb6 9. a4 Nxe4 10. Qc2 Bxf2+ 11. Kh1 f5 12. d3 Ng3+ 13. hxg3 Bxg3 14. Kg1 f4 15. d4 Kh8 16. dxe5 Nxe5 17. Bxf4 Bxf4 18. Nxf4 Rxf4 19. Nxe5 Rxf1+ 20. Rxf1 dxe5 21. Qe4 Be6 22. Bd3 Bg8 23. Qxb7 Bd5 24. Qb5 Qd6 25. Re1 Bc6 26. Qc4 Rd8 27. b5 Bb7 28. Be4 Qb6+ 29. Kh1 Rd6 0-1

[Event "Vlissingen HZ op 20th"]
[Site "Vlissingen"]
[Date "2016.08.11"]
[Round "7"]
[White "Luft, Dennis"]
[Black "Van Rij, Gert"]
[Result "1-0"]
[WhiteElo "2190"]
[BlackElo "1963"]
[PlyCount "79"]
[EventDate "2016.08.06"]
[EventType "swiss"]
[EventRounds "9"]
[EventCountry "NED"]
[SourceTitle "CBM 173 Extra"]
[Source "ChessBase"]
[SourceDate "2016.08.29"]
[SourceVersion "1"]
[SourceVersionDate "2016.08.29"]
[SourceQuality "1"]

1. e4 e6 2. d3 d5 3. Qe2 Be7 4. g3 dxe4 5. dxe4 Nc6 6. c3 e5 7. Be3 Nf6 8. f3 Be6 9. Nd2 0-0 10. Nb3 b6 11. Qa6 Qc8 12. Qxc8 Raxc8 13. Bh3 Nd8 14. a4 Rb8 15. Nd2 a5 16. 0-0-0 Re8 17. Kc2 Bf8 18. b3 Nb7 19. Bg5 Nc5 20. Bxf6 gxf6 21. Bxe6 fxe6 22. Ne2 Bh6 23. Nc4 Rbd8 24. Nb2 Kf7 25. Rxd8 Rxd8 26. Rd1 Rxd1 27. Nxd1 f5 28. Nf2 Be3 29. Nd3 Kf6 30. Nxc5 Bxc5 31. Kd3 Ke7 32. Kc4 Kd7 33. b4 axb4 34. cxb4 Bf2 35. exf5 exf5 36. Kd5 e4 37. fxe4 fxe4 38. Kxe4 Be1 39. b5 c5 40. Kd5 1-0

[Event "Ruhrgebiet Regionalliga 1516"]
[Site "Germany"]
[Date "2016.01.17"]
[Round "5.1"]
[White "Tunkel, Stefan"]
[Black "Luft, Dennis"]
[Result "0-1"]
[WhiteElo "1949"]
[BlackElo "2178"]
[PlyCount "80"]
[EventDate "2015.09.13"]
[EventType "team-tourn"]
[EventRounds "9"]
[EventCountry "GER"]
[SourceTitle "EXT 2022"]
[Source "ChessBase"]
[SourceDate "2021.10.06"]
[SourceVersion "1"]
[SourceVersionDate "2021.10.06"]
[SourceQuality "1"]
[WhiteTeam "Sodingen/Castrop SK II"]
[BlackTeam "Brackel SF"]
[WhiteTeamCountry "GER"]
[BlackTeamCountry "GER"]

1. e4 e5 2. Nf3 Nc6 3. Bb5 f5 4. d3 fxe4 5. dxe4 Nf6 6. 0-0 Bc5 7. Nc3 d6 8. Bg5 0-0 9. Nd5 Kh8 10. c3 Ne7 11. Nxf6 gxf6 12. Bh6 Rg8 13. Qd3 c6 14. Bc4 d5 15. Bb3 Be6 16. Rad1 Qe8 17. Be3 Bd6 18. Ne1 Qh5 19. f4 Rad8 20. fxe5 Bxe5 21. Nf3 Ng6 22. Nxe5 Nxe5 23. Qd2 Nf3+ 24. Rxf3 Qxf3 25. Rf1 Rxg2+ 26. Qxg2 Qxe3+ 27. Qf2 Rg8+ 28. Kh1 Qxe4+ 29. Qf3 Bf5 30. Bd1 Rg5 31. Rg1 Qxf3+ 32. Bxf3 Be4 33. Rf1 Rf5 34. Kg2 Rxf3 35. Rxf3 Kg7 36. Kg3 Bxf3 37. Kxf3 f5 38. Kf4 Kf6 39. b4 h6 40. a4 Ke6 0-1

[Event "Ruhrgebiet Regionalliga 1516"]
[Site "Germany"]
[Date "2015.12.06"]
[Round "4.2"]
[White "Hahn, Matthias"]
[Black "Luft, Dennis"]
[Result "1/2-1/2"]
[WhiteElo "2003"]
[BlackElo "2178"]
[PlyCount "95"]
[EventDate "2015.09.13"]
[EventType "team-tourn"]
[EventRounds "9"]
[EventCountry "GER"]
[SourceTitle "EXT 2022"]
[Source "ChessBase"]
[SourceDate "2021.10.06"]
[SourceVersion "1"]
[SourceVersionDate "2021.10.06"]
[SourceQuality "1"]
[WhiteTeam "Bochum-Linden"]
[BlackTeam "Brackel SF"]
[WhiteTeamCountry "GER"]
[BlackTeamCountry "GER"]

1. d4 d5 2. c4 e6 3. Nc3 Nf6 4. Bg5 Bb4 5. cxd5 exd5 6. e3 h6 7. Bxf6 Qxf6 8. Qb3 Qd6 9. a3 Bxc3+ 10. Qxc3 Bf5 11. Nf3 Nd7 12. Bd3 Bxd3 13. Qxd3 0-0-0 14. 0-0-0 Rhf8 15. Kb1 f5 16. g3 g5 17. Rhe1 Kb8 18. Re2 Nf6 19. Ne5 f4 20. exf4 Nd7 21. f5 h5 22. h3 Qh6 23. Nxd7+ Rxd7 24. Re6 Qh7 25. g4 a6 26. Rde1 hxg4 27. hxg4 Qh2 28. Qf3 Rh8 29. Qg3 Qh7 30. Qe5 Ka7 31. Ka2 Rhd8 32. Re7 Qh3 33. Qg3 Qh8 34. Qe5 Qh3 35. Qg3 Qh8 36. Rxd7 Rxd7 37. Qe5 Qh4 38. Qg3 Qh8 39. Qc3 Qg7 40. Re5 Qh6 41. Re6 Qh8 42. Qc5+ b6 43. Qc6 Qxd4 44. Qxd7 Qc4+ 45. Kb1 Qf1+ 46. Kc2 Qxf2+ 47. Kd1 Qd4+ 48. Kc2 1/2-1/2

[Event "Ruhrgebiet Regionalliga 1516"]
[Site "Germany"]
[Date "2015.10.18"]
[Round "2.1"]
[White "Hassenrueck, Helmut"]
[Black "Luft, Dennis"]
[Result "1/2-1/2"]
[WhiteElo "2144"]
[BlackElo "2178"]
[PlyCount "106"]
[EventDate "2015.09.13"]
[EventType "team-tourn"]
[EventRounds "9"]
[EventCountry "GER"]
[SourceTitle "EXT 2022"]
[Source "ChessBase"]
[SourceDate "2021.10.06"]
[SourceVersion "1"]
[SourceVersionDate "2021.10.06"]
[SourceQuality "1"]
[WhiteTeam "Gladbeck SG"]
[BlackTeam "Brackel SF"]
[WhiteTeamCountry "GER"]
[BlackTeamCountry "GER"]

1. d4 d5 2. Nf3 Nf6 3. c4 e6 4. Nc3 Bb4 5. cxd5 exd5 6. Bg5 h6 7. Bh4 g5 8. Bg3 Ne4 9. Nd2 Nxc3 10. bxc3 Bxc3 11. Rc1 Ba5 12. e3 Bf5 13. Be2 Nd7 14. 0-0 0-0 15. Nb3 Bb6 16. f4 g4 17. Bxg4 Qf6 18. Nc5 Nxc5 19. dxc5 Ba5 20. Bf3 c6 21. Be1 Bxe1 22. Rxe1 Rae8 23. Qd4 Qg6 24. Rc3 Re7 25. e4 dxe4 26. Bxe4 Qg7 27. Rg3 Bg6 28. Qc4 Rxe4 29. Rxe4 Rd8 30. Re1 Qf6 31. f5 Qxf5 32. Rf1 Qd5 33. Qc1 Kg7 34. Rh3 h5 35. Rb3 Re8 36. Qc3+ Kh7 37. Rxb7 Qxa2 38. Qb3 Re2 39. Qxa2 Rxa2 40. Rc7 Kg7 41. Re1 Ra6 42. Ree7 Ra1+ 43. Kf2 Kf6 44. Re3 Ra6 45. Kf3 Bf5 46. Kg3 Be6 47. h3 Bd5 48. Kh4 Bxg2 49. Kxh5 Ra4 50. Rg3 Be4 51. Rg4 Bf3 52. Kh4 Bxg4 53. hxg4 a5 1/2-1/2